| 000 | 00488nam a2200169 i 4500 | ||
|---|---|---|---|
| 001 | 142879 | ||
| 003 | ES-MaACL | ||
| 005 | 20230906200640.0 | ||
| 007 | t| | ||
| 008 | 071010s1948 sp ||||1| spa d | ||
| 080 | _a86.14"19" | ||
| 100 | 1 |
_aVidal Martínez, Aurora. _9114502 |
|
| 245 | 1 | 0 |
_aSonetos líricos / _cAurora Vidal Martínez. |
| 260 |
_a[S.l. : _bs.n., _c1948?] ( _ePontevedra : _fImp. C. Peón) |
||
| 300 |
_a50 h. : _bil. ; _c21 cm. |
||
| 852 |
_aES-MaACL _jD-7850 _bR.26987 |
||
| 999 |
_c142879 _d142879 |
||